000 01147nam a22002537a 4500
999 _c13067
_d13067
003 MIRAKIL
005 20190326151217.0
008 190326b tu ||||| |||| 00| 0 tur d
020 _a9786053603498
040 _aTR-AnCHP
_cTR-AnCHP
041 _atur
082 _a956.226015
_bM23 2011
245 1 0 _aMahkeme kayıtları ışığında 17. yüzyıl İstanbul'unda sosyo ekonomik yaşam =social and economic life in seventeenth century Istanbul glimpses from court records /
_cyayına hazırlayan: Timur Kuran
260 _aİstanbul:
_bTürkiye İş Bankası Kültür Yayınları,
_c2011.
300 _ac. <5> ; 584 s.:
_bres.;
_c24 sm.
490 0 _aTürkiye İş Bankası Kültür Yayınları ;
_vgenel yayın: 2320
505 _aİçindekiler: 5. cilt: Vakıflar (1602-17)
650 0 _9710
_aOsmanlı İmparatorluğu
_xTarih
_y1602-1617
651 0 _95576
_aİstanbul (Türkiye)
_xSosyal yaşam
_y1602-1617
651 0 _95576
_aİstanbul (Türkiye)
_xEkonomik yaşam
_y1602-1617
700 _95577
_aKuran, Timur
_eyay. haz.
856 _zDijital Nüshası için Partimizin Kütüphane Sorumlusu ile iletişime geçiniz.
942 _2ddc
_cBKS